Načítá se...

Nagarjun:Chuni Huyi Rachnayen

Podrobná bibliografie
Hlavní autor: Mishra,Shobhakant Ed
Médium: Printed Book
Jazyk:Hindi
Vydáno: New Delhi: Vani Prakashan 2009
Vydání:2 Ed.
Témata:
LEADER 00893nam a22001937a 4500
008 140827b xxu||||| |||| 00| 0 hin d
020 |a 9789350000885 
100 |a Mishra,Shobhakant Ed. 
245 |a Nagarjun:Chuni Huyi Rachnayen  |c Shobhakant Mishra.Ed. 
250 |a 2 Ed. 
260 |a New Delhi:  |b Vani Prakashan  |c 2009 
300 |a 3V 
546 |a In Hindi 
650 0 |a Nagarjun, Essays,Letters, Translations 
942 |c BK 
999 |c 246567  |d 246567 
952 |0 0  |1 0  |4 0  |6 S_47  |7 0  |9 273725  |a HIN  |b HIN  |c S-33  |d 2014-08-28  |h V.3 23009  |i 23009  |l 0  |o S-47  |p HIN23009  |r 2014-08-28  |w 2018-08-23  |x 2500.00 per set  |y REF 
952 |0 0  |1 0  |4 0  |6 S_47  |7 0  |9 273726  |a HIN  |b HIN  |c S-33  |d 2014-08-30  |h V. 1 23007  |i 23007  |l 0  |o S-47  |p HIN23007  |r 2014-08-30  |w 2018-08-23  |x 2500.00 per set  |y REF 
952 |0 0  |1 0  |4 0  |6 S_47  |7 0  |9 273727  |a HIN  |b HIN  |c S-33  |d 2014-08-30  |h V.2 23008  |i 23008  |l 0  |o S-47  |p HIN23008  |r 2014-08-30  |w 2014-08-30  |x 2500.00 per set  |y REF